|
|
|
|
| LEADER |
00000nam0a2200000 4500 |
| 001 |
44092 |
| 005 |
20231031021818.0 |
| 010 |
|
|
|a 5272002814
|
| 035 |
|
|
|a (RuTPU)RU\TPU\book\45722
|
| 090 |
|
|
|a 44092
|
| 100 |
|
|
|a 20021104d2002 km y0rusy50 ca
|
| 101 |
1 |
|
|a rus
|c eng
|
| 102 |
|
|
|a RU
|
| 105 |
|
|
|a a z 001zy
|
| 200 |
1 |
|
|a ASP компоненты
|e пер. с англ.
|f Ш. Пауэрс
|
| 205 |
|
|
|a 2-е изд.
|
| 210 |
|
|
|a СПб.
|c Питер
|d 2002
|
| 215 |
|
|
|a 826 с.
|c ил.
|
| 225 |
1 |
|
|a Для профессионалов
|
| 320 |
|
|
|a Список терм.: с. 786-795.
|
| 320 |
|
|
|a Алф. указ.: с. 796-826.
|
| 610 |
1 |
|
|a информатика
|
| 610 |
1 |
|
|a среда разработки
|
| 610 |
1 |
|
|a COM
|
| 610 |
1 |
|
|a Visual Basic
|
| 610 |
1 |
|
|a XML-документы
|
| 610 |
1 |
|
|a Active Server Pages
|
| 675 |
|
|
|a 681.322-181.4.06
|v 3
|
| 700 |
|
1 |
|a Пауэрс
|b Ш.
|g Шелли
|
| 801 |
|
1 |
|a RU
|b 63413507
|c 20021104
|g PSBO
|
| 801 |
|
2 |
|a RU
|b 63413507
|c 20160704
|g PSBO
|
| 942 |
|
|
|c BK
|